| 000 | 00819cam a2200181Ia 4500 | ||
|---|---|---|---|
| 008 | 030321s1951 pauack c 000 0 eng d | ||
| 100 | _aNational Philatelic Museum | ||
| 245 | 1 | 0 |
_a2nd topical stamp exhibition : _bApril 28-June 24, 1951 / _cunder auspices of Topical Philatelists, Inc. ... [et al.] ; Second Topical Stamp Exhibition Committee, Bertram W.H. Poole ... [et al.] ; National Philatelic Museum Exhibition Committee, Donald M. Steele ... [et al.]. |
| 260 |
_a[Philadelphia : _bNational Philatelic Museum, _c1951] |
||
| 490 | 0 |
_aNational Philatelic Museum ; _vv. 3, no. 2 |
|
| 650 | 0 | _aPostage stamps | |
| 650 | 0 | _aTopical | |
| 650 | 0 | _aStamp collecting | |
| 650 | 0 | _aStamp collecting. | |
| 700 | 1 |
_aPoole, Bertram W. H. _q(Bertram William Henry), |
|
| 700 | 1 | _aSteele, Donald M. | |
| 999 |
_c2123 _d2123 |
||